000
00263nam a22001337a 4500
008
210311b ||||| |||| 00| 0 eng d
041
_a
eng
080
_a
2
082
_a
2
100
_a
24
101
_a
TEO
245
_a
Relg
_c
Vanvoorst,E.R
942
_2
udc
_c
BK
999
_c
56378
_d
56378